<?xml version="1.0" encoding="UTF-8"?>
<record
    xmlns:xsi="http://www.w3.org/2001/XMLSchema-instance"
    xsi:schemaLocation="http://www.loc.gov/MARC21/slim http://www.loc.gov/standards/marcxml/schema/MARC21slim.xsd"
    xmlns="http://www.loc.gov/MARC21/slim">

  <leader>04312njm a2200589Ia 4500</leader>
  <controlfield tag="001">D0888</controlfield>
  <controlfield tag="003">IT-RoPAU</controlfield>
  <controlfield tag="005">20220918181115.0</controlfield>
  <controlfield tag="008">131025s9999    xx            000 0 und d</controlfield>
  <datafield tag="040" ind1=" " ind2=" ">
    <subfield code="a">IT-RoPAU</subfield>
  </datafield>
  <datafield tag="040" ind1=" " ind2=" ">
    <subfield code="c">IT-RoPAU</subfield>
  </datafield>
  <datafield tag="041" ind1=" " ind2=" ">
    <subfield code="a">INGLESE</subfield>
  </datafield>
  <datafield tag="999" ind1=" " ind2=" ">
    <subfield code="c">99328</subfield>
    <subfield code="d">99328</subfield>
  </datafield>
  <datafield tag="999" ind1=" " ind2=" ">
    <subfield code="b">n.d.</subfield>
  </datafield>
  <datafield tag="100" ind1=" " ind2=" ">
    <subfield code="a">AA.VV.</subfield>
    <subfield code="9">794</subfield>
  </datafield>
  <datafield tag="100" ind1=" " ind2=" ">
    <subfield code="e">Autore musica</subfield>
    <subfield code="9">30675</subfield>
  </datafield>
  <datafield tag="100" ind1=" " ind2=" ">
    <subfield code="g">Codice autore musica SPICS: 12000</subfield>
    <subfield code="9">796</subfield>
  </datafield>
  <datafield tag="245" ind1=" " ind2=" ">
    <subfield code="a">Impulse Story</subfield>
  </datafield>
  <datafield tag="250" ind1=" " ind2=" ">
    <subfield code="a">2a ed.</subfield>
  </datafield>
  <datafield tag="260" ind1=" " ind2=" ">
    <subfield code="a">MILANO</subfield>
  </datafield>
  <datafield tag="260" ind1=" " ind2=" ">
    <subfield code="b">RUSCONI</subfield>
    <subfield code="c">1995 [1a Ed.:]</subfield>
  </datafield>
  <datafield tag="300" ind1=" " ind2=" ">
    <subfield code="a">COMPACT DISC</subfield>
  </datafield>
  <datafield tag="300" ind1=" " ind2=" ">
    <subfield code="c">70 minuti (Testo:  pag.)</subfield>
  </datafield>
  <datafield tag="500" ind1=" " ind2=" ">
    <subfield code="a">Musica jazz. Cd fuori commercio allegato al n. 4 1995 della rivista "Musica jazz".</subfield>
  </datafield>
  <datafield tag="505" ind1=" " ind2=" ">
    <subfield code="a">I Concentrate On You [(New York, 2 novembre 1960) (Johnson Jay Jay) (5:00)] - Sunken Treasure [(New York, 10 dicembre 1960) (Evans Gil) (5:00)] - Mendacity [(New York, 1 agosto 1961) (Roach Max) (9:00)] - Softly As In A Morning Sunrise [(New York, 2 novembre 1961) (Coltrane John William) (7:00)] - Me and Some Drums [(New York, 5 febbraio 1962) (Manne Shelly) (7:00)] - Blues For O.T. (New York, 11 dicembre 1963) (Hamilton Chico) (5:00)] - The Mac Man [(New York, 12 agosto 1965) (Shepp Archie) (6:00)] - Hold 'Em Joe [(Englewood Cliffs, 8 luglio 1965) (Rollins Sonny) (6:00)] - Love Cry [(New York, 31 agosto 1967) (Ayler Albert) (8:00)] - Nunca Mas [(Buenos Aires, 17 ottobre 1973) (Barbieri Gato) (6:00)] - Southern/Smiles [(New York, 18 o 19 novembre 1975) (Jarrett Keith) (5:00)]</subfield>
  </datafield>
  <datafield tag="511" ind1=" " ind2=" ">
    <subfield code="a">Johnson J.J.: trne; Winding Kai: trne; Evans Billy: p; Chambers Paul: cb; Haynes Roy: batt</subfield>
  </datafield>
  <datafield tag="511" ind1=" " ind2=" ">
    <subfield code="a">Coles Johnny: tr; Sunkel Phil: tr; Knepper Jimmy: trne; Johnson Keg: trne; Studd Tony: trne; Barber Bill: tuba; Caine Eddie: alto, fl, ottavino; Johnson Budd: ten, sop; Tricarico Bob: fagotto, fl; Evans Gil: p, arr, dir; Crawford Ray: chit; Carter Ron: cb; Persip Charlie: batt; Jones Elvin: perc</subfield>
  </datafield>
  <datafield tag="511" ind1=" " ind2=" ">
    <subfield code="a">Little Booker: tr; Priester Julian: trne; Jordan Clifford: ten; Waldron Mal: p; Davis Art: cb; Roach Max: batt; Lincoln Abbey: voc</subfield>
  </datafield>
  <datafield tag="511" ind1=" " ind2=" ">
    <subfield code="a">Coltrane John: sop; Tyner Mccoy: p; Workman Reggie: cb; Jones Elvin: batt</subfield>
  </datafield>
  <datafield tag="511" ind1=" " ind2=" ">
    <subfield code="a">Hawkins Coleman: p, ten; Manne Shelly: batt</subfield>
  </datafield>
  <datafield tag="511" ind1=" " ind2=" ">
    <subfield code="a">Lloyd Charles: fl; Szabo Gabor: chit; Stinson Albert: cb; Hamilton Chico: batt</subfield>
  </datafield>
  <datafield tag="511" ind1=" " ind2=" ">
    <subfield code="a">Shepp Archie: ten; Hutcherson Bobby: vib; Grimes Henry: cb; Ali Rashied: batt; Blackwell Ed: perc</subfield>
  </datafield>
  <datafield tag="511" ind1=" " ind2=" ">
    <subfield code="a">Rollins Sonny: ten; Hutcherson Bobby: vib; Grimes Henry: cb; Roker Mickey: batt</subfield>
  </datafield>
  <datafield tag="511" ind1=" " ind2=" ">
    <subfield code="a">Ayler Donald: tr; Ayler Albert: ten; Silva Alan: cb; Graves Milford: batt</subfield>
  </datafield>
  <datafield tag="511" ind1=" " ind2=" ">
    <subfield code="a">Barbieri Gato: ten; Bellingieri Osvaldo: p; Saluzzi Dino: bandonean; Cevasco Adalberto: b el</subfield>
  </datafield>
  <datafield tag="511" ind1=" " ind2=" ">
    <subfield code="a">Redman Dewey: ten; Jarreth Keith: p; Haden Charlie: cb; Motian Paul: batt; Franco Guilherme: perc</subfield>
  </datafield>
  <datafield tag="650" ind1=" " ind2=" ">
    <subfield code="a">JAZZ [COMPACT DISC]</subfield>
    <subfield code="e">Codice MATERIA SPICS: 9949</subfield>
    <subfield code="9">11822</subfield>
  </datafield>
  <datafield tag="700" ind1=" " ind2=" ">
    <subfield code="a">Porter Cole</subfield>
    <subfield code="d">Codice autore musica SPICS: 13034</subfield>
    <subfield code="e">Autore musica</subfield>
    <subfield code="p">I Concentrate On You</subfield>
    <subfield code="9">30676</subfield>
  </datafield>
  <datafield tag="700" ind1=" " ind2=" ">
    <subfield code="a">Evans Gil</subfield>
    <subfield code="d">Codice autore musica SPICS: 10220</subfield>
    <subfield code="e">Autore musica</subfield>
    <subfield code="p">Sunken Treasure</subfield>
    <subfield code="9">30677</subfield>
  </datafield>
  <datafield tag="700" ind1=" " ind2=" ">
    <subfield code="a">Bayen C.</subfield>
    <subfield code="d">Codice autore musica SPICS: 43683</subfield>
    <subfield code="e">Autore musica</subfield>
    <subfield code="p">Mendacity</subfield>
    <subfield code="9">30678</subfield>
  </datafield>
  <datafield tag="700" ind1=" " ind2=" ">
    <subfield code="a">Roach Max</subfield>
    <subfield code="d">Codice autore SPICS: 16225</subfield>
    <subfield code="e">Autore</subfield>
    <subfield code="p">Mendacity</subfield>
    <subfield code="9">30679</subfield>
  </datafield>
  <datafield tag="700" ind1=" " ind2=" ">
    <subfield code="a">Rodgers Richard</subfield>
    <subfield code="d">Codice autore musica SPICS: 11120</subfield>
    <subfield code="e">Autore musica</subfield>
    <subfield code="p">Softly As In A Morning Sunrise</subfield>
    <subfield code="9">30680</subfield>
  </datafield>
  <datafield tag="700" ind1=" " ind2=" ">
    <subfield code="a">Hammerstein Oscar</subfield>
    <subfield code="d">Codice autore SPICS: 15701</subfield>
    <subfield code="e">Autore</subfield>
    <subfield code="p">Softly As In A Morning Sunrise</subfield>
    <subfield code="9">30681</subfield>
  </datafield>
  <datafield tag="700" ind1=" " ind2=" ">
    <subfield code="a">Hawkins Coleman</subfield>
    <subfield code="d">Codice autore musica SPICS: 16098</subfield>
    <subfield code="e">Autore musica</subfield>
    <subfield code="p">Me and Some Drums</subfield>
    <subfield code="9">30682</subfield>
  </datafield>
  <datafield tag="700" ind1=" " ind2=" ">
    <subfield code="a">Manne Shelly</subfield>
    <subfield code="d">Codice autore SPICS: 13237</subfield>
    <subfield code="e">Autore</subfield>
    <subfield code="p">Me and Some Drums</subfield>
    <subfield code="9">30683</subfield>
  </datafield>
  <datafield tag="700" ind1=" " ind2=" ">
    <subfield code="a">Lloyd Charles</subfield>
    <subfield code="d">Codice autore musica SPICS: 43684</subfield>
    <subfield code="e">Autore musica</subfield>
    <subfield code="p">Blues For O.T.</subfield>
    <subfield code="9">30684</subfield>
  </datafield>
  <datafield tag="700" ind1=" " ind2=" ">
    <subfield code="a">Shepp Archie</subfield>
    <subfield code="d">Codice autore musica SPICS: 43686</subfield>
    <subfield code="e">Autore musica</subfield>
    <subfield code="p">The Mac Man</subfield>
    <subfield code="9">30685</subfield>
  </datafield>
  <datafield tag="700" ind1=" " ind2=" ">
    <subfield code="a">Thomas</subfield>
    <subfield code="d">Codice autore musica SPICS: 21468</subfield>
    <subfield code="e">Autore musica</subfield>
    <subfield code="p">Hold 'Em Joe</subfield>
    <subfield code="9">30686</subfield>
  </datafield>
  <datafield tag="700" ind1=" " ind2=" ">
    <subfield code="a">Ayler Albert</subfield>
    <subfield code="d">Codice autore musica SPICS: 10719</subfield>
    <subfield code="e">Autore musica</subfield>
    <subfield code="p">Love Cry</subfield>
    <subfield code="9">30687</subfield>
  </datafield>
  <datafield tag="700" ind1=" " ind2=" ">
    <subfield code="a">Barbieri Gato</subfield>
    <subfield code="d">Codice autore musica SPICS: 43688</subfield>
    <subfield code="e">Autore musica</subfield>
    <subfield code="p">Nunca Mas</subfield>
    <subfield code="9">30688</subfield>
  </datafield>
  <datafield tag="700" ind1=" " ind2=" ">
    <subfield code="a">Jarrett Keith</subfield>
    <subfield code="d">Codice autore musica SPICS: 11614</subfield>
    <subfield code="e">Autore musica</subfield>
    <subfield code="p">Southern/Smiles</subfield>
    <subfield code="9">30689</subfield>
  </datafield>
  <datafield tag="942" ind1=" " ind2=" ">
    <subfield code="c">CD</subfield>
    <subfield code="2">ddc</subfield>
  </datafield>
  <datafield tag="952" ind1=" " ind2=" ">
    <subfield code="0">0</subfield>
    <subfield code="1">0</subfield>
    <subfield code="4">0</subfield>
    <subfield code="6">D_0888_000000000000000</subfield>
    <subfield code="7">1</subfield>
    <subfield code="a">SPICS</subfield>
    <subfield code="b">SPICS</subfield>
    <subfield code="d">2013-10-25</subfield>
    <subfield code="l">0</subfield>
    <subfield code="o">D0888</subfield>
    <subfield code="r">2013-10-25 00:00:00</subfield>
    <subfield code="w">2013-10-25</subfield>
    <subfield code="y">CD</subfield>
    <subfield code="z">Progr. Ins.: 1772 / N.Vol.: 1 / Copie: 1 - Copia rara: n.d. / date import: 01.01.2014 - By Epidotti, Trombetti, Vaglietti</subfield>
  </datafield>
</record>
